[Event "Burjassot U2200 op 7th"]
[Site "Burjassot"]
[Date "2019.09.20"]
[Round "2"]
[White "Domenech Torres, Adam"]
[Black "Candel Ribarrocha, Rafael"]
[Result "1-0"]
[WhiteElo "1362"]
[BlackElo "1009"]
[PlyCount "51"]
[EventDate "2019.09.06"]
[EventType "swiss"]
[EventRounds "7"]
[EventCountry "ESP"]
[SourceTitle "EXT 2024"]
[Source "ChessBase"]
[SourceDate "2023.10.10"]
[SourceVersion "1"]
[SourceVersionDate "2023.10.10"]
[SourceQuality "1"]

1. e4 e6 2. d4 d5 3. exd5 exd5 4. Nf3 Nc6 5. Bd3 Qe7+ 6. Be3 Qb4+ 7. Nc3 Nf6 8. Rb1 h6 9. h3 Ne4 10. Bxe4 dxe4 11. Ne5 Nxe5 12. dxe5 Be6 13. 0-0 Qa5 14. Bf4 g5 15. Bg3 Bg7 16. Nxe4 Bxe5 17. Bxe5 Qxe5 18. Nc3 Rd8 19. Qf3 b6 20. Rbd1 0-0 21. Rfe1 Rxd1 22. Qxd1 Rb8 23. Rxe5 Re8 24. Qh5 Rd8 25. Qxh6 Rd2 26. Rxg5# 1-0

[Event "Burjassot U2200 op 5th"]
[Site "Burjassot"]
[Date "2017.09.15"]
[Round "2"]
[White "Reig Rodrigo, Pau"]
[Black "Candel Ribarrocha, Rafael"]
[Result "1-0"]
[WhiteElo "1467"]
[BlackElo "1117"]
[PlyCount "53"]
[EventDate "2017.09.08"]
[EventType "swiss"]
[EventRounds "7"]
[EventCountry "ESP"]
[SourceTitle "EXT 2024"]
[Source "ChessBase"]
[SourceDate "2023.10.10"]
[SourceVersion "1"]
[SourceVersionDate "2023.10.10"]
[SourceQuality "1"]

1. e4 e6 2. d4 d5 3. exd5 exd5 4. Nf3 Nc6 5. Nc3 Nf6 6. Bd3 Be7 7. 0-0 0-0 8. Bf4 Nh5 9. Bd2 Nb4 10. Be2 Bf5 11. a3 Nc6 12. Re1 Bf6 13. Ne5 g6 14. Bxh5 gxh5 15. Qxh5 Bxc2 16. Bh6 Bg6 17. Nxg6 fxg6 18. Qxd5+ Qxd5 19. Nxd5 Rf7 20. Nxf6+ Rxf6 21. Re4 Kf7 22. Rae1 Rd8 23. Bg5 Nxd4 24. Re7+ Kg8 25. Bxf6 Kf8 26. Rf7+ Kxf7 27. Bxd8 1-0

[Event "Valencia Torrefiel U2200 1st"]
[Site "Valencia"]
[Date "2014.11.01"]
[Round "3.5"]
[White "Valdenebro Orihuel, Miguel"]
[Black "Candel Ribarrocha, Rafael"]
[Result "1-0"]
[WhiteElo "1850"]
[BlackElo "1073"]
[PlyCount "83"]
[EventDate "2014.10.31"]
[EventType "swiss"]
[EventRounds "7"]
[EventCountry "ESP"]
[SourceTitle "EXT 2024"]
[Source "ChessBase"]
[SourceDate "2023.10.10"]
[SourceVersion "1"]
[SourceVersionDate "2023.10.10"]
[SourceQuality "1"]

1. d4 d5 2. Nf3 Nf6 3. Bg5 h6 4. Bh4 e6 5. e3 Be7 6. Bd3 Nc6 7. c3 Bd7 8. Nbd2 Bd6 9. Bg3 Qe7 10. Ne5 a6 11. Ndf3 Ne4 12. Qc2 Nxg3 13. hxg3 Nxe5 14. dxe5 Bc5 15. g4 Bb5 16. g5 Bxd3 17. Qxd3 0-0-0 18. Ke2 hxg5 19. b4 g4 20. Nd4 Bb6 21. a4 a5 22. bxa5 Bxa5 23. Nc6 bxc6 24. Qa6+ Kd7 25. Qxa5 Ra8 26. Qb4 Qxb4 27. cxb4 Rhb8 28. Rhb1 Ra7 29. Ra2 Rab7 30. Rab2 c5 31. b5 c4 32. Kd2 Ra8 33. Ra2 Rba7 34. Rba1 Ra5 35. Kc3 c6 36. b6 Kc8 37. e4 Kb7 38. exd5 cxd5 39. Kd4 Kxb6 40. Rb1+ Kc6 41. Rab2 R8a6 42. Rb7 1-0

[Event "Valencia op 7th"]
[Site "Valencia"]
[Date "2014.01.03"]
[Round "3"]
[White "Bueno Dominguez, Ricardo"]
[Black "Candel Ribarrocha, Rafael"]
[Result "1-0"]
[WhiteElo "1740"]
[BlackElo "1125"]
[PlyCount "63"]
[EventDate "2014.01.02"]
[EventType "swiss"]
[EventRounds "7"]
[EventCountry "ESP"]
[SourceTitle "CBM 158 Extra"]
[Source "ChessBase"]
[SourceDate "2014.02.28"]
[SourceVersion "1"]
[SourceVersionDate "2014.02.28"]
[SourceQuality "1"]

1. d4 f5 2. c4 Nf6 3. Nc3 e6 4. Nf3 c6 5. e3 d5 6. Bd3 Bd6 7. 0-0 Qe7 8. cxd5 cxd5 9. Nb5 0-0 10. Nxd6 Qxd6 11. a3 Bd7 12. Bd2 Na6 13. Qe2 Rfc8 14. Ne5 Qb6 15. b4 Qd6 16. b5 Nc7 17. Bb4 Qb6 18. a4 a5 19. Bc5 Qa7 20. Bxa7 Rxa7 21. b6 Raa8 22. bxc7 Rxc7 23. Nxd7 Nxd7 24. Rac1 Rac8 25. Qd2 Rc6 26. Rxc6 Rxc6 27. Bb5 Rc7 28. Rc1 Rxc1+ 29. Qxc1 Nb6 30. Qc7 Nc4 31. Bxc4 dxc4 32. Qxc4 1-0